Európsky rok ľudí so zdravotným postihnutím a Slovensko

Bibliographic Details
Main Author: Škorecová, Oľga (Author)
Format: Article
Language:Slovak
ISSN:1335-8197
Subjects:

MARC

LEADER 00000nab a2200000 a 4500
001 vtls000849343
003 SK-MaSNL
005 20260304010251.0
008 040806c xo 0 slo
015 |a SNBRB2003/10-29302 
035 |a CLN000200998 
040 |a SNKBUCL  |b slo  |c SNKBUCL  |e AACR2 
041 0 |a slo 
044 |a xo  |c SK 
080 |a 364.26:364.4:342.7:394.268  |2 UDC-MRF-SK2 
080 |a 364.4  |2 UDC-MRF-SK2 
080 |a 342.7  |2 UDC-MRF-SK2 
080 |a 394.268  |2 UDC-MRF-SK2 
100 1 |a Škorecová, Oľga  |4 aut  |9 485006 
245 1 0 |a Európsky rok ľudí so zdravotným postihnutím a Slovensko  |c Oľga Škorecová 
504 |a Res. angl. na s. 3 obál. 
611 1 7 |a Európsky rok ľudí so zdravotným postihnutím  |d 2003  |2 snkbucl  |9 1287921 
650 0 7 |a ľudia postihnutí zdravotne  |x kvalita života  |x práva ľudské  |x práva sociálne  |2 snkbucl  |9 1287934 
650 0 7 |a kvalita života  |2 snkbucl  |9 1705 
650 0 7 |a ľudské práva  |2 snkbucl  |9 798 
650 0 7 |a hospodárske, sociálne a kultúrne práva  |2 snkbucl  |9 114395 
655 7 |a články z novín a časopisov  |2 snkbucl  |9 267496 
773 0 |x 1335-8197  |t Informácie ZPMP v SR  |g Roč. 11, č. 2 (56) (2003), s. 2-3 
850 |a Slovenská národná knižnica v Martine 
852 |a SNK  |b KIS3GCP 
999 |c 2560059  |d 2561989